It looks like you're offline.
Open Library logo
additional options menu

MARC record from Internet Archive

LEADER: 01747cam 2200433Ia 4500
001 ocm12251953
003 OCoLC
005 20100831143230.0
008 850710s1985 wiuab 000 1 eng d
010 $a 84091366
040 $aJED$cJED$dCSB$dNOB$dOCL$dOCLCQ$dBTCTA$dBAKER$dYDXCP$dXY4$dP5Y
019 $a30500535
020 $a0880381744 (TSR pbk.) :$c$3.50
020 $a9780880381741 (TSR pbk.)
020 $a0394739752 (Random House pbk.) :$c$3.50
020 $a9780394739755 (Random House pbk.)
035 $a(OCoLC)12251953$z(OCoLC)30500535
050 4 $aPS3573.E3978$bD72 1985
082 04 $a[Fic]$2WEIS, Margaret
100 1 $aWeis, Margaret.
245 10 $aDragons of winter night /$cby Margaret Weis and Tracy Hickman ; poetry by Michael Williams ; cover art by Larry Elmore ; interior art by Denis Beauvais.
260 $aLake Geneva, WI :$bTSR ;$aNew York :$bDistributed to the book trade in the U.S. by Random House,$c1985.
300 $a399 p. :$bill., map ;$c18 cm.
490 1 $aDragonlance chronicles ;$vv. 2
650 0 $aFantasy fiction.
655 7 $aFantastic fiction.$2gsafd
700 1 $aHickman, Tracy.
800 1 $aWeis, Margaret.$tDragonlance chronicles ;$vv. 2.
938 $aBaker and Taylor$bBTCP$nbl 99951058
938 $aBaker & Taylor$bBKTY$c6.99$d5.59$i0880381744$n0000951779$sactive
938 $aYBP Library Services$bYANK$n343986
952 $a12251953$zJED$bCOOPERATIVE COMP SERV LIBR$hFull OCLC member$iLCC$kDDC$u20100429
952 $a131542285$zYUS$bYALE UNIV LIBR$hFull$u20100727
029 1 $aAU@$b000004407534
029 1 $aUNITY$b010474501
029 1 $aUKCCC$b0880381744
029 1 $aGLOCC$b0880381744
994 $aZ0$bPMR
948 $hNO HOLDINGS IN PMR - 605 OTHER HOLDINGS